|
|
|
|
| LEADER |
00000nam a2200000 a 4500 |
| 001 |
UCV1403 |
| 003 |
CL-VaPUC |
| 008 |
900605e19890000AG |||||||||||||||||spa|d |
| 082 |
0 |
4 |
|a 344.041
|b GON
|2 21
|
| 100 |
0 |
|
|a González, Orlando S
|e author
|9 295655
|
| 700 |
0 |
|
|a Martin-Marchesini, Gualterio
|e author
|9 295656
|
| 700 |
0 |
|
|a Garat, María Cristina
|e author
|9 295657
|
| 245 |
1 |
0 |
|a Responsabilidad médico legal en el SIDA
|
| 300 |
|
|
|a 241 p
|
| 942 |
|
|
|c BK
|
| 945 |
|
|
|d 19900605 00:00:00
|
| 260 |
|
|
|a Buenos Aires
|b Jurídicas
|c 1989
|
| 650 |
|
0 |
|a SIDA (Síndrome de Inmunodeficiencia Adquirida)
|9 256118
|
| 650 |
|
0 |
|a Derecho y legislación
|9 255077
|
| 650 |
|
7 |
|a MEDICINA LEGAL
|2 CL-VaPUC
|9 295658
|
| 651 |
|
0 |
|a Argentina
|9 254888
|
| 583 |
|
|
|a last modification
|c 19900605 00:00:00
|k Rodrigo Vera
|
| 999 |
|
|
|c 209362
|d 209360
|
| 952 |
|
|
|0 0
|1 0
|4 0
|6 344_041000000000000_GON_1989
|7 0
|8 A
|9 184724
|a BIBDER
|b BIBDER
|d 2019-11-14
|i 2520435
|o 344.041 GON 1989
|p 2520435
|r 2023-01-25
|w 2019-11-14
|y BK
|k DER
|